| 000 | 01697nim a2200373 i 4500 | ||
|---|---|---|---|
| 001 | 197268 | ||
| 003 | ES-MaACL | ||
| 005 | 20250828062612.0 | ||
| 007 | ss lsnjlcipnne | ||
| 008 | 130525s1990 sp nnnn |||| 00| spa d | ||
| 040 |
_bspa _cES-MaACL |
||
| 100 | 0 |
_aGuilló Fernández, Pedro _960816 _eaut |
|
| 245 | 0 | 4 |
_aAntonio Machado-Guiomar : Los amores malditos _h[Grabación sonora] : _bconferencia / _cpor Dr. Pedro Guilló Fernández |
| 260 |
_aMadrid : _bAteneo de Madrid, _c1990. |
||
| 300 |
_a1 casete (ca. 90 min) : _bson. ; _c11 cm |
||
| 490 | 1 | _3Actos culturales en el Ateneo de Madrid | |
| 518 | _aGrabado el 5 de diciembre de 1990 en el Salón de Actos del Ateneo de Madrid. | ||
| 520 | _aConferencia sobre la vida amorosa de Antonio Machado y Pilar de Valderrama por Pedro Guilló Fernández, médico especialista en psiquiatría y psicoterapia. Conferencia en colaboración con la Asociación Española de Psicoterapia y Sistemas Humanos. | ||
| 540 | _aDocumento inédito | ||
| 594 | _5Datos basados en la invitación. | ||
| 600 | 1 | 4 |
_975151 _aMachado, Antonio, _d1875-1939 |
| 600 | 1 | 4 |
_9112494 _aValderrama, Pilar de |
| 610 | 2 | 0 |
_aAteneo de Madrid- _xActos culturales- _y1990- _vGrabaciones sonoras _9240083 |
| 650 | 7 |
_aRelaciones amorosas _2embne _9169274 |
|
| 653 | _aArchivo de la palabra | ||
| 655 | 0 |
_aConferencias _9234444 |
|
| 710 | 2 |
_91875 _aAteneo de Madrid _ehis |
|
| 710 |
_aAsociación Española de Psicoterapia y Sistemas Humanos _eclb _9240461 |
||
| 830 | 0 |
_aActos culturales en el Ateneo de Madrid _9240237 |
|
| 852 |
_aES-MaACL _cDEPOZ _9205521 |
||
| 942 |
_2udc _n0 _cCINTASAUD |
||
| 999 |
_c197268 _d197268 |
||